Fc 25 Brazilians Icon - Statistics

General Stats
  • This quiz has been taken 116 times
  • The average score is 10 of 12
Answer Stats
Position OVR Answer % Correct
LW 93 Ronaldinho
99%
CAM 95 Pele
98%
ST 94 Ronaldo
98%
LB 90 Roberto Carlos
93%
RW 92 Garrincha
91%
RB 91 Cafu
89%
RB 91 Carlos Alberto
88%
LW 90 Rivaldo
85%
CAM 89 kaká
77%
CAM 89 Socrates
75%
CAM 91 Zico
72%
RW 89 Jairzinho
71%
No matching quizzes found
Score Distribution
Percent of People with Each Score
Percentile by Number Answered
Your Score History
You have not taken this quiz